000 00755cam a2200181 i 4500
005 20251113112350.0
008 250721s1990 le gr 000 0 ara d
082 1 4 _a189.33
_bغ ز ا
100 1 _aالغزالي، حجة الإسلام أبو حامدمحمد بن محمد
_eمؤلف.
245 1 0 _aمشكاة الأنوار /
_cحجة الإسلام أبو حامدمحمد بن محمد الغزالي ؛ تحقيق بديع السيد اللحام.
250 _aالطبعة الأولى.
264 3 _aعمان :
_bدار قتيبة للنشر و التوزيع،
_c1990.
300 _a137صفحة.
650 1 7 _aالفلسفة الإسلامية.
650 1 7 _aفلسفة الغزالي.
942 _2ddc
_cBK
999 _c104849
_d104849